Zákon č. 314/2005 Z.z. z 23. júna 2005 ...
Zákon č. 314/2005 Z.z. z 23. júna 2005, ktorým sa mení a dopĺňa zákon č. 595/2003 Z.z. o dani z príjmov v znení neskorších predpisov a Dôvodová správa k novelizácii zákona o dani z príjmov.
Guardado en:
| Formato: | Capítulo de libro |
|---|---|
| Lenguaje: | eslovaco |
| Materias: | |
| Etiquetas: |
Sin Etiquetas, Sea el primero en etiquetar este registro!
|
MARC
| LEADER | 00000naa$a2200000$$$4500 | ||
|---|---|---|---|
| 001 | 0033300 | ||
| 005 | 20231106071501.7 | ||
| 041 | 0 | |a slo | |
| 044 | |a SK | ||
| 245 | 1 | 0 | |a Zákon č. 314/2005 Z.z. z 23. júna 2005 ... |
| 520 | |a Zákon č. 314/2005 Z.z. z 23. júna 2005, ktorým sa mení a dopĺňa zákon č. 595/2003 Z.z. o dani z príjmov v znení neskorších predpisov a Dôvodová správa k novelizácii zákona o dani z príjmov. | ||
| 610 | 2 | 0 | |a dane z príjmov |
| 610 | 2 | 0 | |a zákony |
| 610 | 2 | 0 | |a novelizácia |
| 610 | 2 | 0 | |a správy dôvodové |
| 610 | 2 | 0 | |a 2005 |